000 01252cam a2200373 a 4500
001 3087461
003 OSt
005 20140310181625.0
008 980224s1999 miua c be 001 0 eng
010 _a 98015377
020 _a0787628093 (set)
020 _a0787628107 (vol. 1)
020 _a0787628115 (vol. 2)
020 _a0787628123 (vol. 3)
040 _aDLC
_cDLC
_dDLC
042 _alcac
050 0 0 _aT 48
_b.En54 1999
082 0 0 _aREF 603
_bEn3 1999
100 1 _aEngelbert, Phillis.
245 1 0 _aTechnology in action :
_bscience applied to everyday life /
_cPhillis Engelbert ; edited by Jane Hoehner.
260 _aDetroit :
_bUXL :
_cc1999.
300 _a160 p. :
_bill. ;
_c25 cm.
650 0 _aTechnology
_xEncyclopedias, Juvenile.
650 1 _aTechnology
_xEncyclopedias.
700 1 _aHoehner, Jane.
906 _a7
_bcbc
_corignew
_d1
_eocip
_f19
_gy-gencatlg
942 _2lcc
_cBK
999 _c295
_d295